000 01015nam a22002537a 4500
003 LK-CoMWRAF
005 20240605134200.0
008 240331b2007 |||||||| |||| 00| 0 eng d
020 _a9785558398159
040 _aLK-CoMWRAF
_dLK-CoMWRAF
_eLK-CoMWRAF
041 _atam
082 _a658.4022
_bALT
100 _aஅல்தாலிப், ஹிஷாம்
_v Altalib, Hisham
242 _aTraining guide for Islamic workers in English
245 _aமுஸ்லிம் இளைஞர்களுக்கான தலைமைத்துவப் பயிற்சி வழிகாட்டி
246 _aMuslim iḷaiñarkaḷukkāṉa talaimaittuvap payiṟci vaḻikāṭṭi
260 _aDharga Town:
_bFUZIN TEXTS,
_c2012
300 _a450 p.
_bBibliography included
490 _aHuman development series
_vno.1
650 _aTEAM SPIRIT
650 _aTraining manuals-Youth
700 _aஇஸ்ஸத்தீன், ஹாபிஸ்
_yIzzaddin, Hafiz
_etrans.
942 _cBK
999 _c4877
_d4877